Visualizzazione normale
Vista MARC
- Magdalena A.
di Personal Name
Records bibliografici associati: 1
001 - CONTROL NUMBER
- control field: 25811
003 - CONTROL NUMBER IDENTIFIER
- control field: IT-RoPau
005 - DATE AND TIME OF LATEST TRANSACTION
- control field: 20140520211023.0
008 - FIXED-LENGTH DATA ELEMENTS
- fixed length control field: 140520|| aca||aabn | a|a d
040 ## - CATALOGING SOURCE
- Original cataloging agency: IT-RoPau
- Transcribing agency: IT-RoPau
100 ## - HEADING--PERSONAL NAME
- Personal name: Magdalena A.
- Miscellaneous information: Codice autore testo/musica SPICS: 27314
- Relator term: Autore testo/musica
- Name of part/section of a work: Manuela - Quella di sempre (Asì nacemos) - Bimba (Nina)
670 ## - SOURCE DATA FOUND
- Source citation: Work cat.: (IT-RoPau)99594: AA.VV. 794, Manuela